skbl

Dr Suryya Kumar Bhuyan Library Web-OPAC
ডঃ সূৰ্য্য
কুমাৰ ভূঞা পুথিভঁৰাল ৱেব-অ'পেক

All Research Scholars are advised to clear the annual library fees to continue using Library Resources, Remote Access, Plagiarism Test and Library Clearance.

Cotton University Book Fair 2026

Rabindra Upanyas: Itihaser Prekshite / (Record no. 11363)

MARC details
000 -LEADER
fixed length control field 00775nam a2200277Ia 4500
001 - CONTROL NUMBER
control field 11376
005 - DATE AND TIME OF LATEST TRANSACTION
control field 20240113235308.0
007 - PHYSICAL DESCRIPTION FIXED FIELD--GENERAL INFORMATION
fixed length control field ta
008 - FIXED-LENGTH DATA ELEMENTS--GENERAL INFORMATION
fixed length control field 050811s2001 g b000 u ben u
020 ## - INTERNATIONAL STANDARD BOOK NUMBER
International Standard Book Number 81-7612-530-X
040 ## - CATALOGING SOURCE
Original cataloging agency Cotton College Assam
041 ## - LANGUAGE CODE
Language code of text/sound track or separate title ben
082 ## - DEWEY DECIMAL CLASSIFICATION NUMBER
Classification number 891.44309
Item number Ch Ra
100 ## - MAIN ENTRY--PERSONAL NAME
Personal name Chaudhuri, Bhudeb .
245 #0 - TITLE STATEMENT
Title Rabindra Upanyas: Itihaser Prekshite /
Statement of responsibility, etc. Bhudeb Chaudhuri.
Medium Textual Documents
250 ## - EDITION STATEMENT
Edition statement 2nd ed. /
260 ## - PUBLICATION, DISTRIBUTION, ETC.
Place of publication, distribution, etc. Calcutta :
Name of publisher, distributor, etc. Deys Publishing ,
Date of publication, distribution, etc. 2001.
300 ## - PHYSICAL DESCRIPTION
Extent 96p. ;
Dimensions 22cm.
504 ## - BIBLIOGRAPHY, ETC. NOTE
Bibliography, etc. note Index
653 ## - INDEX TERM--UNCONTROLLED
Uncontrolled term Bengali Novel-History and Criticism
653 ## - INDEX TERM--UNCONTROLLED
Uncontrolled term Thakur, Rabindranath-History and Criticism
653 ## - INDEX TERM--UNCONTROLLED
Uncontrolled term MS-Bengali
942 ## - ADDED ENTRY ELEMENTS (KOHA)
Source of classification or shelving scheme Dewey Decimal Classification
Koha item type Books
Holdings
Withdrawn status Lost status Damaged status Not for loan Collection Home library Current library Date acquired Coded location qualifier Total checkouts Full call number Barcode Date last seen Copy number Price effective from Koha item type
          Dr. Suryya Kumar Bhuyan Library Dr. Suryya Kumar Bhuyan Library 01/02/2012 00000   891.44309 Ch Ra 1601/Beng 13/01/2024 1 01/02/2012 Books

Designed and Maintained by Team SKBL
©1901-2026

Powered by Koha